| 000 | 01049cam a2200313 i 4500 | ||
|---|---|---|---|
| 001 | 17498201 | ||
| 003 | OSt | ||
| 005 | 20151013142932.0 | ||
| 008 | 121017s2013 mau b 001 0 eng | ||
| 010 | _a 2012040629 | ||
| 020 | _a9780132974424 | ||
| 020 | _a0132974428 | ||
| 040 |
_aDLC _beng _cDLC _erda _dDLC |
||
| 042 | _apcc | ||
| 050 | 0 | 0 |
_aLB1051 _b.O66 2014 |
| 082 | 0 | 0 |
_a370.15 _223 |
| 100 | 1 | _aOrmrod, Jeanne Ellis. | |
| 245 | 1 | 0 |
_aEducational psychology : _bdeveloping learners / _cJeanne Ellis Ormrod, Professor Emerita, University of North Colorado. |
| 250 | _aEighth edition. | ||
| 300 |
_a1 v. (various pagings) ; _c28 cm |
||
| 504 | _aIncludes bibliographical references (pages R-1 - R100) and indexes. | ||
| 650 | 0 | _aEducational psychology. | |
| 650 | 0 | _aTeaching. | |
| 650 | 0 | _aLearning. | |
| 650 | 0 | _aClassroom management. | |
| 906 |
_a7 _bcbc _corignew _d1 _eecip _f20 _gy-gencatlg |
||
| 942 |
_2lcc _cBK |
||
| 999 |
_c250519 _d250519 |
||